| 000 | 00459nam a2200133 a 4500 | ||
|---|---|---|---|
| 001 | 000036723 | ||
| 005 | 20200930075910.0 | ||
| 008 | 120126s1964 ve 000 0 spa d | ||
| 040 |
_aDO-SdBNP _bspa _cBNPHU |
||
| 100 | 1 |
_aLópez Guedez, Horacio _960864 |
|
| 245 | 1 | 3 |
_aUn aspecto de la pacificación de América (1810-1814) / _cHoracio López Guedez. |
| 260 |
_aMerida : _bBiblioteca de la Facultad de Humanidades y Educación, _c1964. |
||
| 300 |
_a90 p. ; _c23 cm. |
||
| 999 |
_c36214 _d36214 |
||